000 00317nam a22001217a 4500
008 180518b xxu||||| |||| 00| 0 eng d
041 _aeng
080 _a043.3
100 _a0
101 _aSHP-BTH
245 _aOrganizatat Ndërkombatëre dhe roli i tyre në shtet ndërtimin e Kosovës
_cGashi,D
942 _2udc
_cBK
999 _c46015
_d46015